[Event "FISU World University-ch 2020"]
[Site "Online"]
[Date "2020.10.26"]
[Round "7.20"]
[White "Pavcevic, Bruno"]
[Black "Alonso Prieto, Victor"]
[Result "1/2-1/2"]
[WhiteElo "2125"]
[BlackElo "1551"]
[Annotator "TA"]
[PlyCount "117"]
[EventDate "2020.10.26"]
[SourceTitle "playchess.com"]
[Source "ChessBase"]
[SourceQuality "1"]

1. e4 d5 2. exd5 Qxd5 3. Nc3 Qa5 4. d4 c6 5. g3 Nf6 6. Bg2 Nbd7 7. Nf3 g6 8. O-O Bg7 9. Re1 e6 10. Bd2 O-O 11. Ne2 Qd8 12. c4 Ne4 13. Be3 Re8 14. Qc2 Nef6 15. Red1 Nb6 16. Ne5 Qe7 17. a4 Nbd7 18. h3 Nxe5 19. dxe5 Nd7 20. f4 f6 21. exf6 Nxf6 22. Bd4 Bd7 23. b4 b6 24. b5 Rac8 25. Qd3 Red8 26. Rac1 c5 27. Bxf6 Bxf6 28. Qe4 e5 29. fxe5 Qxe5 30. Qxe5 Bxe5 31. Rd5 Bf6 32. Rcd1 Be6 33. Rxd8+ Rxd8 34. Rxd8+ Bxd8 35. Bd5 Bxd5 36. cxd5 Kf7 37. Kf2 Bc7 38. Ke3 Kf6 39. Ke4 h6 40. h4 g5 41. hxg5+ Kxg5 42. Nf4 Kg4 43. Ne2 c4 44. Kd4 Kf3 45. Nf4 Kxg3 46. Ng6 h5 47. Kxc4 h4 48. Nxh4 Kxh4 49. d6 Bxd6 50. Kd5 Bc5 51. Kc6 Kg4 52. Kb7 Kf4 53. Kxa7 Ke4 54. Ka6 Kd4 55. a5 bxa5 56. Kxa5 Kc4 57. Ka6 Kd5 58. b6 Bxb6 59. Kxb6 1/2-1/2

[Event "FISU World University-ch 2020"]
[Site "Online"]
[Date "2020.10.26"]
[Round "7.20"]
[White "Rodriguez Perez, Marta"]
[Black "Paradzik, Berislav"]
[Result "0-1"]
[WhiteElo "1636"]
[BlackElo "2185"]
[Annotator "TA"]
[PlyCount "90"]
[EventDate "2020.10.26"]
[SourceTitle "playchess.com"]
[Source "ChessBase"]
[SourceQuality "1"]

1. c4 Nf6 2. Nc3 e6 3. d4 Bb4 4. Qc2 O-O 5. Nf3 d5 6. Bg5 b6 7. a3 Bxc3+ 8. Qxc3 dxc4 9. Qxc4 Ba6 10. Qa4 Qd7 11. Qxd7 Nbxd7 12. Rc1 c5 13. dxc5 Nxc5 14. Bxf6 gxf6 15. b4 Ne4 16. e3 Bxf1 17. Rxf1 Rac8 18. Ke2 Nc3+ 19. Kd3 Rfd8+ 20. Nd4 Nd5 21. Rxc8 Rxc8 22. Kd2 Kf8 23. Rc1 Rxc1 24. Kxc1 a6 25. Kc2 Ke7 26. Kd3 Kd6 27. g3 f5 28. Nf3 h6 29. Nd2 f6 30. Nf3 Ne7 31. Kc4 b5+ 32. Kd3 Nc6 33. Nd4 Ne5+ 34. Kc3 Ng4 35. f4 Nxe3 36. Kd3 Nc4 37. a4 Nb2+ 38. Kc2 Nxa4 39. Kb3 Kd5 40. Nf3 Ke4 41. Nh4 Nb6 42. Ng6 Nd5 43. Nf8 e5 44. fxe5 fxe5 45. Ne6 Kf3 0-1

[Event "FISU World University-ch 2020"]
[Site "Online"]
[Date "2020.10.26"]
[Round "7.20"]
[White "Gomez Marti, Fernando"]
[Black "Matanovic, Pavo"]
[Result "0-1"]
[WhiteElo "1540"]
[BlackElo "1832"]
[Annotator "NA"]
[PlyCount "102"]
[EventDate "2020.10.26"]
[SourceTitle "playchess.com"]
[Source "ChessBase"]
[SourceQuality "1"]

1. e4 e5 2. Nf3 Nc6 3. Bc4 Nf6 4. d3 Bc5 5. c3 d6 6. Bb3 Bb6 7. Nbd2 h6 8. h3 a6 9. Nf1 Be6 10. Bc2 d5 11. Be3 Bxe3 12. Nxe3 Qd7 13. Ba4 b5 14. Bc2 d4 15. Nf1 Qd6 16. Ng3 O-O 17. Nh4 g6 18. O-O Ne7 19. Re1 c5 20. cxd4 cxd4 21. Bb3 Rac8 22. Bxe6 Qxe6 23. Qd2 Kh7 24. f4 exf4 25. Qxf4 g5 26. Qf3 gxh4 27. Nf5 Nxf5 28. exf5 Qd5 29. Qf4 Rc2 30. Qf1 Nh5 31. Re2 Rfc8 32. Rae1 Ng3 33. Qf2 Nxe2+ 34. Rxe2 Rxe2 35. Qxe2 Rc1+ 36. Kf2 Qxf5+ 37. Qf3 Qxf3+ 38. Kxf3 Re1 39. Kg4 Kg6 40. Kxh4 Re3 41. Kg4 Rxd3 42. h4 h5+ 43. Kf4 Re3 44. g4 Re8 45. g5 d3 46. b3 d2 47. a4 d1=Q 48. axb5 axb5 49. b4 Qf1+ 50. Kg3 Re3+ 51. Kh2 Qf2+ 0-1

[Event "FISU World University-ch 2020"]
[Site "Online"]
[Date "2020.10.26"]
[Round "7.20"]
[White "Purkic, Ruza"]
[Black "Redondo Moran, Cesar"]
[Result "0-1"]
[WhiteElo "1483"]
[BlackElo "1422"]
[Annotator "NA"]
[PlyCount "58"]
[EventDate "2020.10.26"]
[SourceTitle "playchess.com"]
[Source "ChessBase"]
[SourceQuality "1"]

1. c4 e5 2. g3 Nf6 3. Nc3 d5 4. cxd5 Nxd5 5. Bg2 Be6 6. Nf3 Nc6 7. O-O Be7 8. d4 Nxc3 9. bxc3 e4 10. Nd2 f5 11. e3 Qd7 12. c4 Bf6 13. Rb1 Na5 14. Qc2 O-O 15. Ba3 Be7 16. Bxe7 Qxe7 17. c5 b6 18. cxb6 cxb6 19. Qb2 Nc4 20. Rfc1 Nxb2 21. Rxb2 Rac8 22. Rcb1 Rc7 23. Nb3 Rfc8 24. Rd2 Bxb3 25. Rxb3 Rc1+ 26. Bf1 R8c2 27. Rb2 Rxd2 28. Rxd2 Qb4 29. Re2 Qb1 0-1

[Event "FISU World University-ch 2020"]
[Site "Online"]
[Date "2020.10.26"]
[Round "7.21"]
[White "Gonzalez Lopez, Nicolas Mateo"]
[Black "Rosales Schulz, Robin"]
[Result "1-0"]
[WhiteElo "2200"]
[BlackElo "2133"]
[Annotator "TA"]
[PlyCount "53"]
[EventDate "2020.10.26"]
[SourceTitle "playchess.com"]
[Source "ChessBase"]
[SourceQuality "1"]

1. e4 g6 2. d4 Bg7 3. Nc3 d6 4. f4 a6 5. Nf3 b5 6. Bd3 Nd7 7. e5 c5 8. Ng5 h6 9. Nxf7 Kxf7 10. e6+ Kxe6 11. f5+ Kf7 12. fxg6+ Ke8 13. Qf3 Ngf6 14. Qxa8 cxd4 15. Ne2 Nc5 16. O-O e5 17. b4 Nxd3 18. cxd3 Bg4 19. Qxd8+ Kxd8 20. Ng3 Rf8 21. Bd2 Ke7 22. Rac1 Nd7 23. h3 Be6 24. Nh5 Rxf1+ 25. Rxf1 Bf6 26. Bxh6 Bg8 27. Nxf6 1-0

[Event "FISU World University-ch 2020"]
[Site "Online"]
[Date "2020.10.26"]
[Round "7.21"]
[White "Chavez Pena, Gonzalo Ignacio"]
[Black "Zuleta, Juan Carlos"]
[Result "1-0"]
[WhiteElo "1787"]
[BlackElo "1934"]
[Annotator "NA"]
[PlyCount "101"]
[EventDate "2020.10.26"]
[SourceTitle "playchess.com"]
[Source "ChessBase"]
[SourceQuality "1"]

1. e4 c5 2. Nf3 e6 3. d3 a6 4. g3 b5 5. Bg2 Bb7 6. O-O Be7 7. Re1 d6 8. Bf4 Nf6 9. Nbd2 O-O 10. a4 Nc6 11. e5 Nd5 12. exd6 Bxd6 13. Bxd6 Qxd6 14. Ne4 Qe7 15. Qd2 h6 16. d4 Nxd4 17. Nxd4 cxd4 18. Qxd4 Rfd8 19. Qc5 Rac8 20. Qxe7 Nxe7 21. axb5 Bxe4 22. Bxe4 axb5 23. Ra7 Nd5 24. Rb7 Nf6 25. Bd3 Rd5 26. Ra1 Rd7 27. Raa7 Rxb7 28. Rxb7 e5 29. f3 g6 30. Rxb5 Re8 31. Rb7 Rc8 32. Re7 Re8 33. Rxe8+ Nxe8 34. Kf2 Kf8 35. Ke3 Ke7 36. Bc4 f5 37. g4 fxg4 38. fxg4 Nd6 39. Bd3 Kf6 40. h4 g5 41. h5 Ke6 42. c4 e4 43. Be2 Ke5 44. c5 Ne8 45. c6 Kd5 46. b3 Nc7 47. Bc4+ Ke5 48. b4 Ne8 49. b5 Nf6 50. c7 Nxg4+ 51. Ke2 1-0

[Event "FISU World University-ch 2020"]
[Site "Online"]
[Date "2020.10.26"]
[Round "7.21"]
[White "Pinillo Canon, Silvana"]
[Black "Vasquez Vasquez, Sebastian"]
[Result "0-1"]
[WhiteElo "1785"]
[BlackElo "1726"]
[Annotator "NA"]
[PlyCount "62"]
[EventDate "2020.10.26"]
[SourceTitle "playchess.com"]
[Source "ChessBase"]
[SourceQuality "1"]

1. e4 g6 2. d4 Bg7 3. Be3 d6 4. Nc3 Nf6 5. h3 a6 6. Bd3 b5 7. a3 Bb7 8. f4 O-O 9. Nf3 Nbd7 10. O-O c5 11. dxc5 Nxc5 12. e5 Nd5 13. Nxd5 Bxd5 14. exd6 Qxd6 15. Ne5 Nxd3 16. Nxd3 Bc4 17. Qd2 Rfd8 18. Rad1 Rac8 19. Rfe1 Bxd3 20. cxd3 Rc6 21. Qe2 b4 22. axb4 Qxb4 23. Rd2 Re6 24. Qf2 a5 25. Kh1 a4 26. Rc1 Qb3 27. Rcd1 Bxb2 28. Rxb2 Qxd1+ 29. Kh2 Qxd3 30. Bd2 Re2 31. Qb6 Rxd2 0-1

[Event "FISU World University-ch 2020"]
[Site "Online"]
[Date "2020.10.26"]
[Round "7.22"]
[White "Ramirez Madrid, Gerardo Alfonso"]
[Black "Jayasinghe, Keeth M S"]
[Result "0-1"]
[WhiteElo "2029"]
[BlackElo "1726"]
[Annotator "NA"]
[PlyCount "148"]
[EventDate "2020.10.26"]
[SourceTitle "playchess.com"]
[Source "ChessBase"]
[SourceQuality "1"]

1. Nf3 Nf6 2. c4 d5 3. g3 c6 4. b3 Bf5 5. d3 e6 6. Bg2 Nbd7 7. Bb2 Qa5+ 8. Nbd2 Ba3 9. Qc1 Bxb2 10. Qxb2 O-O 11. O-O h6 12. Rac1 Rac8 13. Rc2 Qb6 14. h3 a5 15. Rfc1 Ra8 16. a3 Rfe8 17. cxd5 exd5 18. Nd4 Bg6 19. b4 axb4 20. axb4 Ra4 21. Rb1 Rea8 22. N2f3 Ra2 23. Qc1 Qa7 24. Nb3 Rxc2 25. Qxc2 Qa2 26. Qxa2 Rxa2 27. Nfd4 Ra4 28. Nc2 Kf8 29. Nbd4 Ra2 30. Ne3 Ke8 31. Bf3 Ne5 32. Bg2 Nc4 33. Nef5 Na3 34. Rc1 Bxf5 35. Nxf5 Rxe2 36. Nd6+ Kd7 37. Nxb7 Rb2 38. Nc5+ Kd6 39. Nb7+ Kc7 40. Na5 Rb1 41. Rxb1 Nxb1 42. d4 Na3 43. Nb3 Nc2 44. Bf1 Nxb4 45. f3 Nd7 46. Kf2 Nf8 47. Ke3 Ne6 48. h4 Kb6 49. Kd2 Na6 50. f4 c5 51. Bxa6 Kxa6 52. dxc5 Kb5 53. f5 Nxc5 54. Kc3 Nxb3 55. Kxb3 h5 56. Kc3 Kc5 57. Kd3 f6 58. Ke3 Kc4 59. Kd2 Kd4 60. Ke2 Kc3 61. Kf3 d4 62. Kf4 d3 63. g4 hxg4 64. Kxg4 d2 65. Kh5 d1=Q+ 66. Kg6 Qg4+ 67. Kf7 Qxf5 68. Kxg7 Qh5 69. Kxf6 Qxh4+ 70. Kg6 Qf4 71. Kg7 Kd4 72. Kg6 Ke5 73. Kg7 Qf6+ 74. Kh7 Qg5 0-1

[Event "FISU World University-ch 2020"]
[Site "Online"]
[Date "2020.10.26"]
[Round "7.22"]
[White "Carvajal Pena, Daniel"]
[Black "Perera, Thilina"]
[Result "1-0"]
[WhiteElo "1929"]
[BlackElo "1434"]
[Annotator "NA"]
[PlyCount "45"]
[EventDate "2020.10.26"]
[SourceTitle "playchess.com"]
[Source "ChessBase"]
[SourceQuality "1"]

1. e4 e5 2. Nf3 d6 3. d4 exd4 4. Qxd4 Nc6 5. Bb5 Bd7 6. Bxc6 Bxc6 7. Nc3 Nf6 8. b3 Be7 9. Bb2 O-O 10. O-O-O Ne8 11. g4 Bf6 12. Qd3 a5 13. h4 a4 14. Kb1 axb3 15. axb3 g6 16. h5 Qb8 17. hxg6 hxg6 18. Nd4 Bd7 19. Qh3 Bh4 20. Qxh4 Kg7 21. Nc6 Nf6 22. Qh6+ Kg8 23. Ne7# 1-0

[Event "FISU World University-ch 2020"]
[Site "Online"]
[Date "2020.10.26"]
[Round "7.22"]
[White "Kuruppu, Supun Dasantha"]
[Black "Solano Cuya, Bryan"]
[Result "0-1"]
[WhiteElo "1826"]
[BlackElo "2242"]
[Annotator "TA"]
[PlyCount "98"]
[EventDate "2020.10.26"]
[SourceTitle "playchess.com"]
[Source "ChessBase"]
[SourceQuality "1"]

1. d4 Nf6 2. Nf3 b6 3. c4 Bb7 4. e3 e6 5. Bd3 c5 6. Nbd2 Be7 7. O-O O-O 8. b3 cxd4 9. Nxd4 Na6 10. Bb2 Rc8 11. N2f3 Nc5 12. Bc2 a6 13. Qe2 Qc7 14. Rac1 Rfe8 15. Rfd1 Qb8 16. a3 Nce4 17. b4 a5 18. bxa5 bxa5 19. Ba4 Red8 20. Nb5 Nc5 21. Bc2 a4 22. Be5 d6 23. Bd4 Be4 24. Bxc5 Rxc5 25. Bxa4 Rdc8 26. Nd2 d5 27. Bb3 dxc4 28. Bxc4 Bd5 29. a4 h5 30. e4 Nxe4 31. Nxe4 Rxc4 32. Rxc4 Rxc4 33. Nd2 Rxa4 34. Nc3 Rd4 35. Nxd5 Rxd5 36. Nf3 Rb5 37. h3 g6 38. Nd4 Rb6 39. Qc4 Bf6 40. Nf3 Kg7 41. Qd3 Rb2 42. Nd2 Qb6 43. Ne4 Be5 44. Qd7 h4 45. Qd3 Qb4 46. Qf3 Rb3 47. Qe2 Rb2 48. Rd2 Rb1+ 49. Rd1 Qxe4 0-1

[Event "FISU World University-ch 2020"]
[Site "Online"]
[Date "2020.10.26"]
[Round "7.22"]
[White "Koggala, W S T D"]
[Black "Morera Campos, Heizel Maria"]
[Result "1-0"]
[WhiteElo "1480"]
[BlackElo "1980"]
[Annotator "NA"]
[PlyCount "101"]
[EventDate "2020.10.26"]
[SourceTitle "playchess.com"]
[Source "ChessBase"]
[SourceQuality "1"]

1. d4 Nf6 2. Bf4 e6 3. e3 c5 4. c3 b6 5. Nd2 Bb7 6. Ngf3 Be7 7. Bd3 cxd4 8. exd4 O-O 9. O-O d6 10. Re1 Nbd7 11. Qc2 Re8 12. Ng5 Nf8 13. Nge4 Ng6 14. Nxf6+ Bxf6 15. Bg3 Qc7 16. Ne4 Be7 17. Rad1 Qc6 18. f3 a6 19. Qb3 b5 20. a3 Rac8 21. Rd2 e5 22. dxe5 dxe5 23. Kh1 Rcd8 24. Nf2 Qc7 25. Bxg6 hxg6 26. Rxd8 Bxd8 27. Nd3 Bf6 28. a4 Bc6 29. axb5 Bxb5 30. Nb4 Bc4 31. Qa4 Bb5 32. Qb3 Bc4 33. Qa4 Re6 34. Qc2 Qb7 35. Nd3 Qd5 36. Rd1 Qb5 37. Nf2 Bb3 38. Qd2 Bxd1 39. Qxd1 Qxb2 40. Ne4 Re8 41. h3 Qxc3 42. Nxc3 Rd8 43. Qa4 e4 44. Nxe4 Bd4 45. Qxa6 Be3 46. Nd6 Rb8 47. Qa2 Kh7 48. Nxf7 Rc8 49. Bf2 Rc1+ 50. Kh2 Bxf2 51. Qxf2 1-0

[Event "FISU World University-ch 2020"]
[Site "Online"]
[Date "2020.10.26"]
[Round "7.23"]
[White "Serikbay, Chingiz"]
[Black "Ikeda, Vinicius Yasuto"]
[Result "1-0"]
[WhiteElo "2338"]
[BlackElo "2004"]
[Annotator "TA"]
[PlyCount "97"]
[EventDate "2020.10.26"]
[SourceTitle "playchess.com"]
[Source "ChessBase"]
[SourceQuality "1"]

1. d4 Nf6 2. Nf3 d5 3. c4 e6 4. g3 Be7 5. Bg2 O-O 6. O-O dxc4 7. Qc2 a6 8. a4 Nd5 9. Ne5 c5 10. dxc5 Qc7 11. Nxc4 Bxc5 12. e4 Nb4 13. Qe2 N8c6 14. Be3 Nd4 15. Bxd4 Bxd4 16. Nc3 e5 17. Rfc1 Bd7 18. Nd5 Nxd5 19. exd5 Rac8 20. Qd2 b5 21. axb5 axb5 22. Ne3 Qb6 23. Nd1 b4 24. Ne3 h6 25. Nc4 Qf6 26. Be4 Rc5 27. Na5 Rfc8 28. Nc6 Rxc1+ 29. Rxc1 Bxc6 30. dxc6 Qd6 31. Kg2 g6 32. g4 Kg7 33. Qc2 Rc7 34. b3 Qe6 35. h3 Qf6 36. Qe2 Qf4 37. Rc4 Bc3 38. Bxg6 Qc1 39. Bc2 Qg5 40. Qe4 Bd4 41. Rxb4 Qd2 42. Qh7+ Kf6 43. Qf5+ Kg7 44. Rb7 Rxb7 45. cxb7 Qb4 46. Be4 Qxb3 47. Qh7+ Kf8 48. Qh8+ Ke7 49. b8=Q 1-0

[Event "FISU World University-ch 2020"]
[Site "Online"]
[Date "2020.10.26"]
[Round "7.23"]
[White "Barmagambetova, Sakypzhamal"]
[Black "Batista Inacio, Pedro Lews"]
[Result "1-0"]
[WhiteElo "1894"]
[BlackElo "1687"]
[Annotator "NA"]
[PlyCount "55"]
[EventDate "2020.10.26"]
[SourceTitle "playchess.com"]
[Source "ChessBase"]
[SourceQuality "1"]

1. d4 d5 2. Nf3 Nf6 3. c4 dxc4 4. Nc3 Bf5 5. e3 e6 6. Bxc4 Be7 7. O-O O-O 8. h3 h6 9. Qb3 b6 10. Rd1 Nc6 11. Bd3 Bxd3 12. Rxd3 Na5 13. Qc2 Qd7 14. e4 Rad8 15. Bf4 Qc6 16. Qe2 Bb4 17. Ne5 Qb7 18. Ng4 Nxg4 19. Qxg4 Kh7 20. Be5 f6 21. Rg3 g5 22. h4 fxe5 23. hxg5 Rg8 24. g6+ Kg7 25. Qxe6 c6 26. Qxe5+ Kf8 27. Rf3+ Qf7 28. Rxf7# 1-0

[Event "FISU World University-ch 2020"]
[Site "Online"]
[Date "2020.10.26"]
[Round "7.23"]
[White "Da Silva, Francisco Iran Santo"]
[Black "Mukhit, Aisezym"]
[Result "0-1"]
[WhiteElo "1825"]
[BlackElo "1919"]
[Annotator "NA"]
[PlyCount "72"]
[EventDate "2020.10.26"]
[SourceTitle "playchess.com"]
[Source "ChessBase"]
[SourceQuality "1"]

1. e4 c5 2. Nc3 e6 3. f4 g6 4. Nf3 Bg7 5. Bc4 Ne7 6. O-O a6 7. a4 O-O 8. d3 d5 9. Bb3 Nbc6 10. Qe1 Rb8 11. f5 d4 12. Ne2 exf5 13. Qh4 fxe4 14. dxe4 h5 15. Ng5 c4 16. Bxc4 Ne5 17. Bb3 N7c6 18. Qf2 d3 19. Nxf7 Nxf7 20. Bxf7+ Kh8 21. Nf4 Ne5 22. Qg3 Rxf7 23. Nxg6+ Kg8 24. Rxf7 Nxf7 25. Qxb8 Kh7 26. Qg3 d2 27. Bxd2 Qxd2 28. Ne7 Bg4 29. h3 Be5 30. Qb3 Bd4+ 31. Kh1 Qf2 32. hxg4 Qh4+ 33. Qh3 Qxe7 34. Qxh5+ Kg8 35. Qg6+ Kf8 36. Rf1 Qh4# 0-1

[Event "FISU World University-ch 2020"]
[Site "Online"]
[Date "2020.10.26"]
[Round "7.23"]
[White "Liebl, Livia"]
[Black "Barmagambetov, Sagynysh"]
[Result "0-1"]
[WhiteElo "1543"]
[BlackElo "1776"]
[Annotator "NA"]
[PlyCount "156"]
[EventDate "2020.10.26"]
[SourceTitle "playchess.com"]
[Source "ChessBase"]
[SourceQuality "1"]

1. d4 e6 2. e3 b6 3. f4 Bb7 4. Nf3 h6 5. Bd3 Nf6 6. Nbd2 c5 7. c3 d5 8. O-O Nbd7 9. Ne5 Bd6 10. Qf3 O-O 11. a3 Rc8 12. Kh1 cxd4 13. exd4 Bxe5 14. fxe5 Nh7 15. Qg4 f5 16. exf6 Rxf6 17. Rxf6 Qxf6 18. Nf3 Re8 19. Bd2 Bc8 20. Re1 Nhf8 21. Ne5 Nxe5 22. Rxe5 Nd7 23. Re1 e5 24. Bf5 Rf8 25. Be6+ Kh8 26. h3 Qf2 27. Qe2 exd4 28. cxd4 Qxe2 29. Rxe2 Nf6 30. Bxc8 Rxc8 31. Re7 a5 32. Rb7 Rc6 33. Bf4 Kh7 34. Be5 Kg6 35. Bxf6 Kxf6 36. Rd7 Kf5 37. Rxd5+ Kf4 38. Rd7 g5 39. Kh2 Rc2 40. b4 axb4 41. axb4 Rb2 42. d5 Rxb4 43. d6 Ke5 44. Rd8 Ke6 45. d7 Ke7 46. Rh8 Kxd7 47. Rxh6 Kc7 48. Rg6 Rb5 49. Kg3 Rc5 50. Rf6 b5 51. Kg4 b4 52. Rf1 b3 53. Rb1 Rb5 54. g3 Kc6 55. Kf3 Kc5 56. Ke3 Kc4 57. Rc1+ Kb4 58. Rb1 Kc3 59. Kf3 Kc2 60. Rh1 Rd5 61. Re1 b2 62. Re2+ Rd2 63. Re1 b1=Q 64. Rxb1 Kxb1 65. Kg4 Rg2 66. Kf3 Rh2 67. Kg4 Kc2 68. Kxg5 Rxh3 69. g4 Kd3 70. Kg6 Ke4 71. g5 Ke5 72. Kg7 Kf5 73. g6 Rg3 74. Kh7 Rxg6 75. Kh8 Rg1 76. Kh7 Kf6 77. Kh8 Kf7 78. Kh7 Rh1# 0-1

[Event "FISU World University-ch 2020"]
[Site "Online"]
[Date "2020.10.26"]
[Round "7.24"]
[White "Fuentes Godoy, Lilia Ivonne"]
[Black "Arias Gonzalez, Felipe"]
[Result "1-0"]
[WhiteElo "2196"]
[BlackElo "1343"]
[Annotator "TA"]
[PlyCount "55"]
[EventDate "2020.10.26"]
[SourceTitle "playchess.com"]
[Source "ChessBase"]
[SourceQuality "1"]

1. d4 Nf6 2. c4 g6 3. d5 d6 4. Nc3 Bg7 5. e4 O-O 6. Be2 c5 7. Be3 e6 8. h3 exd5 9. exd5 b5 10. cxb5 Nbd7 11. a4 a5 12. Nf3 h6 13. Nd2 Nb6 14. Nc4 Re8 15. Nxb6 Qxb6 16. O-O Ne4 17. Qc2 Bf5 18. Bd3 Nxc3 19. bxc3 Bxd3 20. Qxd3 Re5 21. Rae1 Rae8 22. c4 Re4 23. Bd2 R4e5 24. Rxe5 Rxe5 25. Re1 Rf5 26. Re8+ Kh7 27. Qe3 Bd4 28. Qxh6# 1-0

[Event "FISU World University-ch 2020"]
[Site "Online"]
[Date "2020.10.26"]
[Round "7.24"]
[White "Quiroga Jaquez, Angel Ivan"]
[Black "Ruiz Olate, Emily Andrea"]
[Result "1-0"]
[WhiteElo "2178"]
[BlackElo "1866"]
[Annotator "TA"]
[PlyCount "101"]
[EventDate "2020.10.26"]
[SourceTitle "playchess.com"]
[Source "ChessBase"]
[SourceQuality "1"]

1. Nf3 g6 2. d4 Bg7 3. g3 Nf6 4. Bg2 O-O 5. O-O d6 6. c4 Nc6 7. Nc3 a6 8. d5 Na5 9. Qd3 c5 10. dxc6 Nxc6 11. e4 Qa5 12. Bd2 Qh5 13. h4 Nb4 14. Qb1 Bg4 15. Nh2 Be6 16. Nd5 Nbxd5 17. cxd5 Bd7 18. Bf3 Bg4 19. Nxg4 Nxg4 20. Qd1 f5 21. exf5 gxf5 22. Qe2 Rae8 23. Rab1 Qg6 24. Bf4 h5 25. Rbc1 Kh7 26. Bxg4 fxg4 27. Rfe1 Bf6 28. Qe3 Rc8 29. b3 Qf7 30. Qe4+ Kh8 31. Qf5 Rxc1 32. Rxc1 Bd4 33. Qxf7 Rxf7 34. Rc7 b6 35. Rc4 Bf6 36. Be3 b5 37. Rc6 a5 38. Ra6 Bc3 39. Rb6 Rf5 40. Rxb5 e6 41. Rb8+ Kg7 42. dxe6 Re5 43. Rc8 Bb4 44. Bd4 Kf6 45. Bxe5+ dxe5 46. Rc6 Ke7 47. Kf1 Kf6 48. Ke2 Ke7 49. Kd3 Bd6 50. Ra6 Bc7 51. Ke4 1-0

[Event "FISU World University-ch 2020"]
[Site "Online"]
[Date "2020.10.26"]
[Round "7.24"]
[White "Aravena Navarro, Alexis Andres"]
[Black "Garcia de Dios, Jose Antonio"]
[Result "0-1"]
[WhiteElo "1937"]
[BlackElo "2206"]
[Annotator "TA"]
[PlyCount "76"]
[EventDate "2020.10.26"]
[SourceTitle "playchess.com"]
[Source "ChessBase"]
[SourceQuality "1"]

1. e4 e6 2. d4 d5 3. e5 c5 4. c3 Nc6 5. Nf3 Qb6 6. Bd3 cxd4 7. cxd4 Bd7 8. O-O Nxd4 9. Nbd2 Nxf3+ 10. Nxf3 Ne7 11. Be3 Qd8 12. Nd4 Nc6 13. f4 Bc5 14. Nc2 Bxe3+ 15. Nxe3 Qb6 16. Rf3 g5 17. Kh1 gxf4 18. Ng4 O-O-O 19. Rc1 Kb8 20. Qd2 Qb4 21. Rc3 d4 22. Rc2 Qxd2 23. Rxd2 h5 24. Nf2 Nxe5 25. Rxf4 Bc6 26. Be2 Rhg8 27. Bf3 Nxf3 28. gxf3 f5 29. Nd3 Rg4 30. Rf2 Rxf4 31. Nxf4 e5 32. Nxh5 e4 33. fxe4 fxe4 34. Kg1 e3 35. Rf1 e2 36. Ra1 d3 37. Kf2 Rf8+ 38. Ke3 Rf1 0-1

[Event "FISU World University-ch 2020"]
[Site "Online"]
[Date "2020.10.26"]
[Round "7.24"]
[White "Gallardo Ramirez, Ricardo Manuel"]
[Black "Luna Javier, Edgar Froylan"]
[Result "0-1"]
[WhiteElo "1681"]
[BlackElo "2114"]
[Annotator "TA"]
[PlyCount "74"]
[EventDate "2020.10.26"]
[SourceTitle "playchess.com"]
[Source "ChessBase"]
[SourceQuality "1"]

1. e4 c5 2. Nf3 g6 3. d4 cxd4 4. Nxd4 Bg7 5. c4 Nc6 6. Be3 Nf6 7. Nc3 Ng4 8. Qxg4 Nxd4 9. Qd1 Ne6 10. Rc1 O-O 11. Be2 b6 12. O-O Bb7 13. f3 d6 14. Qd2 Rc8 15. Rfd1 Qc7 16. Nd5 Qd7 17. Rc2 Rfd8 18. b3 Nf8 19. Bd4 Ne6 20. Be3 Ba8 21. Bf1 Nc5 22. Bd4 Ne6 23. Be3 Bc6 24. h3 Qb7 25. f4 Nc5 26. Bd3 e6 27. Bxc5 dxc5 28. Nc3 Rd4 29. Qe2 Rcd8 30. e5 Rxf4 31. Rcd2 Rfd4 32. Nb5 Bxb5 33. cxb5 Qd5 34. Be4 Rxd2 35. Bxd5 Rxe2 36. Kf1 Rxa2 37. Ke1 Rxd5 0-1

[Event "FISU World University-ch 2020"]
[Site "Online"]
[Date "2020.10.26"]
[Round "7.25"]
[White "Marikova, Jana"]
[Black "Gasic Merino, Franco"]
[Result "1/2-1/2"]
[WhiteElo "2163"]
[BlackElo "2204"]
[Annotator "TA"]
[PlyCount "96"]
[EventDate "2020.10.26"]
[SourceTitle "playchess.com"]
[Source "ChessBase"]
[SourceQuality "1"]

1. d4 Nf6 2. c4 g6 3. Nc3 Bg7 4. e4 d6 5. Nf3 O-O 6. Be2 Na6 7. Be3 e5 8. O-O Qe7 9. Nd2 c6 10. d5 c5 11. a3 Ne8 12. f3 f5 13. Nb5 b6 14. b4 f4 15. Bf2 Rf7 16. Nb3 Bf8 17. bxc5 Nxc5 18. a4 a5 19. Rb1 Nxa4 20. N3d4 Nc5 21. Nc6 Qg5 22. Re1 Bd7 23. Nc3 Bxc6 24. dxc6 Qd8 25. Nd5 Rb8 26. Rb5 Nc7 27. Rxb6 Rxb6 28. Nxb6 N7a6 29. Na4 Qc7 30. Nxc5 dxc5 31. Qa4 Nb4 32. Rd1 Nxc6 33. Rd5 Nb4 34. Rd1 Kg7 35. Ra1 Nc6 36. Qb5 Nd4 37. Bxd4 cxd4 38. Rxa5 Rd7 39. Bd3 Be7 40. Qxe5+ Qxe5 41. Rxe5 Kf6 42. Rd5 Rxd5 43. exd5 Ke5 44. Kf2 Bb4 45. Ke2 Kf6 46. Be4 h6 47. Kd3 Bc5 48. d6 g5 1/2-1/2

[Event "FISU World University-ch 2020"]
[Site "Online"]
[Date "2020.10.26"]
[Round "7.25"]
[White "Pulpan, Matej"]
[Black "Perez Hueica, Elias"]
[Result "1-0"]
[WhiteElo "2077"]
[BlackElo "1934"]
[Annotator "TA"]
[PlyCount "103"]
[EventDate "2020.10.26"]
[SourceTitle "playchess.com"]
[Source "ChessBase"]
[SourceQuality "1"]

1. e4 e5 2. Nf3 Nf6 3. Nc3 Nc6 4. d4 exd4 5. Nxd4 Bb4 6. Nxc6 bxc6 7. Bd3 d6 8. O-O O-O 9. Bg5 h6 10. Bh4 Bxc3 11. bxc3 Qe7 12. Qf3 Qe5 13. Rfe1 Ng4 14. h3 Qh2+ 15. Kf1 Ne5 16. Qg3 Qxg3 17. Bxg3 Nxd3 18. cxd3 Ba6 19. Ke2 Rab8 20. Rab1 f6 21. Bf4 Kf7 22. Ke3 Ke6 23. Rb3 Rb6 24. Reb1 Rfb8 25. Kd2 c5 26. Be3 Kd7 27. c4 Ke7 28. Kc2 Kd7 29. Bd2 Kc6 30. Ba5 Rxb3 31. axb3 h5 32. Re1 Re8 33. f4 Kd7 34. Bc3 Bb7 35. Re3 d5 36. cxd5 Re7 37. Re1 a6 38. Ra1 Re8 39. Ra5 f5 40. Be5 fxe4 41. dxe4 g5 42. Rxc5 gxf4 43. Rxc7+ Kd8 44. Bd6 Bc8 45. e5 Rg8 46. e6 Rxg2+ 47. Kd3 Rg3+ 48. Kd2 Bxe6 49. dxe6 Re3 50. e7+ Ke8 51. Rc8+ Kf7 52. Rf8+ 1-0

[Event "FISU World University-ch 2020"]
[Site "Online"]
[Date "2020.10.26"]
[Round "7.25"]
[White "Leon Badillo, Antonia"]
[Black "Vaculik, Jakub"]
[Result "0-1"]
[WhiteElo "1320"]
[BlackElo "2147"]
[Annotator "NA RC"]
[PlyCount "56"]
[EventDate "2020.10.26"]
[SourceTitle "playchess.com"]
[Source "ChessBase"]
[SourceQuality "1"]

1. d4 Nf6 2. Nf3 d5 3. e3 c6 4. Be2 Nbd7 5. b3 e6 6. Bb2 Be7 7. Nbd2 b6 8. O-O Bb7 9. c4 O-O 10. Rc1 Rc8 11. Rc2 c5 12. Qb1 dxc4 13. Bxc4 Ne4 14. Bd3 Ndf6 15. Rcc1 Nxd2 16. Nxd2 Qd5 17. Nf3 Qh5 18. Be2 Ne4 19. Rfe1 Bd6 20. Ne5 Qg5 21. Bf3 Nd2 22. Qd3 Bxf3 23. Nxf3 Nxf3+ 24. Kh1 Qh4 25. h3 Nxe1 26. Rxe1 Qxf2 27. Rb1 Qg3 28. dxc5 Qh2# 0-1